| 000 | 00965nas a2200301 4500 | ||
|---|---|---|---|
| 001 | BR0808658 | ||
| 003 | BR-BrBNA | ||
| 005 | 20231205112904.0 | ||
| 007 | ta | ||
| 008 | 230509b bl.|||p| |||| 00| 00por d | ||
| 040 |
_aBR-BrBNA _bpor _cBiblioteca Nacional de Agricultura |
||
| 041 | _a(Pt) | ||
| 072 | _aP10 | ||
| 100 | 1 | _aRodriguez, R. del G. | |
| 100 | 1 | _aPruski, F.F. | |
| 100 | 1 | _aNovaes, L.F. de | |
| 100 | 1 | _aSilva, D.D. da | |
| 100 | 1 | _aRamos, M.M. | |
| 100 | 1 | _aTeixeira, A.F. | |
| 245 | 1 | _aVazões consumidas pela irrigações pelos abastecimentos animal e humano (urbano e rural)na Bacia do Paracatu no período de 1970 e 1996 | |
| 650 | _aVAZÃO | ||
| 650 | _aIRRIGAÇÃO | ||
| 650 | _aABASTECIMENTO | ||
| 650 | _aBACIA DO PARACATU | ||
| 773 | 0 |
_tRevista Brasileira de Recursos Hídricos (Brazil) _xISSN 1414-381X _g(Jul-Sep 2006), v. 11(3) p. 223-233 _wBR0808658 |
|
| 909 |
_a202311 _bLúcia _c55 _dLúcia Elande |
||
| 942 |
_2AGRIS _n0 _cANA |
||
| 999 |
_c200610 _d200610 |
||